PCs all-in-one for dummies
A perfect companion for your desktop PC! Whether you use your PC for work or play, there's a lot to learn and a lot of territory to discover, so take along a good guide -- |c Source other than Library of Congress.
Gespeichert in:
| 1. Verfasser: | |
|---|---|
| Weitere Verfasser: | , |
| Format: | Buch |
| Sprache: | English |
| Veröffentlicht: |
Hoboken, NJ
John Wiley & Sons
2013.
|
| Ausgabe: | 6th ed. |
| Schriftenreihe: | For Dummies
|
| Schlagworte: | |
| Tags: |
Tag hinzufügen
Keine Tags, Fügen Sie den ersten Tag hinzu!
|
| Thư viện lưu trữ: | Mạng thư viện Đại học Đà Nẵng |
|---|
| LEADER | 01731nam a2200469 4500 | ||
|---|---|---|---|
| 001 | 000024508 | ||
| 003 | 20996 | ||
| 005 | 20161213081226.0 | ||
| 008 | 161213s2013 engsd | ||
| 020 | |a 1118280350 (pbk.) |a 9781118280355 (pbk.) | ||
| 041 | 0 | |a eng | |
| 082 | 1 | 4 | |a 004.16 |b CH-M |
| 100 | 1 | |a Chambers, Mark L. |q (Laura Ann) | |
| 245 | 1 | 0 | |a PCs all-in-one for dummies |c by Mark L. Chambers. |
| 250 | |a 6th ed. | ||
| 260 | |a Hoboken, NJ |b John Wiley & Sons |c 2013. | ||
| 300 | |a xxiv, 696 p. |b ill. |c 24 cm. | ||
| 490 | 1 | |a For Dummies | |
| 500 | |a Previous edition: 2010. |a Includes index. | ||
| 520 | 3 | |a A perfect companion for your desktop PC! Whether you use your PC for work or play, there's a lot to learn and a lot of territory to discover, so take along a good guide -- |c Source other than Library of Congress. | |
| 650 | 0 | |a Microcomputers. | |
| 650 | 0 | |a Microcomputers |v Handbooks, manuals, etc. | |
| 650 | 0 | |a Internet. | |
| 650 | 0 | |a Computer networks. | |
| 653 | |a Microsoft Windows (Computer file) | ||
| 653 | |a Microsoft Office | ||
| 653 | |a Microsoft Word. | ||
| 653 | |a Microsoft Outlook. | ||
| 653 | |a Microsoft PowerPoint (Computer file) | ||
| 653 | |a Microsoft Excel (Computer file) | ||
| 700 | 1 | |d 1906-1998. | |
| 700 | 1 | |d 1970- | |
| OWN | |a LSP | ||
| AVA | |a UDN50 |b LSP |d 004.16 CH-M |e available |t Error 5001 Not defined in file expand_doc_bib_avail. |f 1 |g 0 |h N |i 0 |k 1 | ||
| 999 | |a From the UDN01 | ||
| AVA | |a UDN50 |b LSP |d 004.16 CH-M |e available |t Error 5001 Not defined in file expand_doc_bib_avail. |f 1 |g 0 |h N |i 0 |k 1 | ||
| TYP | |a Monograph | ||
| TYP | |a Printed language | ||
| 980 | |a Mạng thư viện Đại học Đà Nẵng | ||


